[Event "Jastrzebie Zdroj op"]
[Site "Jastrzebie Zdroj"]
[Date "2022.11.21"]
[Round "4"]
[White "Shystarova, Svitlana"]
[Black "Kraszewski, Krzysztof"]
[Result "1-0"]
[WhiteElo "1783"]
[BlackElo "1663"]
[PlyCount "48"]
[EventDate "2022.11.19"]
[EventType "swiss"]
[EventRounds "9"]
[EventCountry "POL"]
[SourceTitle "CBM 211 Extra"]
[Source "ChessBase"]
[SourceDate "2023.01.31"]
[SourceVersion "1"]
[SourceVersionDate "2023.01.31"]
[SourceQuality "1"]

1. e4 e6 2. d4 d5 3. Nc3 dxe4 4. Nxe4 Nc6 5. Nf3 Nf6 6. Nxf6+ Qxf6 7. Bg5 Qf5 8. c3 f6 9. Be3 Bd6 10. Qd3 Qxd3 11. Bxd3 b6 12. Bb5 Bb7 13. 0-0-0 0-0 14. Bc4 Nd8 15. Ne1 Bd5 16. Bxd5 exd5 17. Nd3 Ne6 18. h4 Rac8 19. Rhe1 Rfe8 20. Bd2 c5 21. dxc5 bxc5 22. Kb1 c4 23. Nc1 Nc5 24. Be3 Re5 1-0

[Event "Jastrzebie Zdroj op"]
[Site "Jastrzebie Zdroj"]
[Date "2022.11.20"]
[Round "3"]
[White "Kraszewski, Krzysztof"]
[Black "Marcinowski, Marek"]
[Result "1-0"]
[WhiteElo "1663"]
[BlackElo "1683"]
[PlyCount "73"]
[EventDate "2022.11.19"]
[EventType "swiss"]
[EventRounds "9"]
[EventCountry "POL"]
[SourceTitle "CBM 211 Extra"]
[Source "ChessBase"]
[SourceDate "2023.01.31"]
[SourceVersion "1"]
[SourceVersionDate "2023.01.31"]
[SourceQuality "1"]

1. e4 d5 2. e5 d4 3. Nf3 c5 4. Bc4 e6 5. d3 Nc6 6. a3 Nge7 7. Bg5 h6 8. Bh4 g5 9. Bg3 Bg7 10. Bb5 Bd7 11. Nbd2 Nf5 12. Nc4 a6 13. Bxc6 Bxc6 14. Qe2 g4 15. Nfd2 h5 16. Ne4 b5 17. Ncd6+ Ke7 18. Nxf5+ exf5 19. Bh4+ f6 20. exf6+ Kf7 21. fxg7 Qxh4 22. gxh8N+ Rxh8 23. Nd6+ Kf6 24. g3 Qg5 25. h4 Qh6 26. 0-0 Rd8 27. Rfe1 Qf8 28. Qe6+ Kg7 29. Nxf5+ Kh7 30. Qe7+ Qxe7 31. Rxe7+ Kg6 32. Re6+ Kxf5 33. Rxc6 Rd5 34. Re1 c4 35. Ree6 Rd7 36. Rh6 cxd3 37. cxd3 1-0